| 000 | | | 04173nmc2a22000003x 450 |
| 001 | | | f047557d-1d96-4696-a5be-0943639ddfbe |
| 005 | | | 20181228145930.0 |
| 100 | ## | $a | 20170703l18491852k l0rusy0189 ca |
| 101 | 0# | $a | rus |
| 102 | ## | $a | RU |
| 200 | 1# | $a | Дело о службе переведенного с московских театров к петербургским актера Николая Зака, по театру Зорина |
| | $j | 26 мая 1849 г. - 9 июля 1852 г. |
| 251 | ## | $c | Дело |
| 300 | ## | $a | По Санкт-Петербургской дирекции за 1849 год |
| 300 | ## | $a | Ориг. заголовок дела: Дело о службе состоявшего при санкт-петербургских театрах, уволенного по прошению за болезнью актера Николая Зорина. 26 мая 1849 г. - 9 июля 1852 г |
| 801 | #0 | $a | RU |
| | $b | РГИА |
| | $c | 20170703 |
| | $g | RCR |
| 801 | #1 | $a | RU |
| | $b | ГлавНИВЦ |
| | $c | 20170703 |
| | $2 | rusmarc |
| 801 | #2 | $a | RU |
| | $b | ПБ им. Б.Н. Ельцина |
| | $c | 20181228 |
| | $g | RCR |
| | $2 | rusmarc |
| 850 | ## | $a | РГИА |
| 852 | ## | $a | РГИА |
| | $e | Федеральное казенное учреждение "Российский государственный исторический архив" (РГИА) |
| | $j | 12074 |
| 937 | ## | $h | РГИА |
| | $d | 12245757 |
| | $a | ASBIBLIO_SCAN |
| 462 | #0 | $1 | 001dd3991dc-24e1-42ec-8838-ca4255420416 |
| | $1 | 2001 |
| | $a | Дирекция императорских театров (1746-1850 гг.) |
| | $1 | 251 |
| | $c | Опись |
| | $1 | 852 |
| | $j | 1 |
| 461 | #0 | $1 | 0019264ebf8-de62-4f1a-9eb4-9f22098dbbd5 |
| | $1 | 2001 |
| | $a | Дирекция императорских театров Министерства императорского двора |
| | $1 | 251 |
| | $c | Фонд |
| | $1 | 852 |
| | $j | 497 |
| 215 | ## | $a | 26 л. |
| | $d | 36,5х26 см |
| 371 | ## | $a | Документ не является опубликованным и широко распространяемым |
| 517 | 1# | $a | Дело о службе состоявшего при санкт-петербургских театрах, уволенного по прошению за болезнью актера Николая Зорина. 26 мая 1849 г. - 9 июля 1852 г |
| 105 | ## | $a | y### |
| 122 | 2# | $a | d |
| 035 | ## | $a | f047557d-1d96-4696-a5be-0943639ddfbe |
| 856 | ## | $u | http://readingroom.main.prlib.ru/item.aspx?id_node=n122651521&mode=full |